Imagologies (Record no. 22859)

MARC details
000 -LEADER
fixed length control field 00647nam a22002177a 4500
003 - CONTROL NUMBER IDENTIFIER
control field OSt
005 - DATE AND TIME OF LATEST TRANSACTION
control field 20260521144234.0
008 - FIXED-LENGTH DATA ELEMENTS--GENERAL INFORMATION
fixed length control field 260521b |||||||| |||| 00| 0 eng d
020 ## - INTERNATIONAL STANDARD BOOK NUMBER
International Standard Book Number 0-415-10338-x
040 ## - CATALOGING SOURCE
Transcribing agency Chuka University Library
050 ## - LIBRARY OF CONGRESS CALL NUMBER
Classification number P 94.6 .T39 1994
100 ## - MAIN ENTRY--PERSONAL NAME
Personal name Taylor C.Mike
9 (RLIN) 26363
245 ## - TITLE STATEMENT
Title Imagologies
Remainder of title Midea Philosophy
260 ## - PUBLICATION, DISTRIBUTION, ETC.
Place of publication, distribution, etc. 11New Fetter London
Name of publisher, distributor, etc. Routledge
Date of publication, distribution, etc. 1994
300 ## - PHYSICAL DESCRIPTION
Extent nop
Other physical details Various illustrations
650 ## - SUBJECT ADDED ENTRY--TOPICAL TERM
Topical term or geographic name entry element Mass Media ....Social aspects
9 (RLIN) 26364
650 ## - SUBJECT ADDED ENTRY--TOPICAL TERM
Topical term or geographic name entry element Mass Media......Philosophy
9 (RLIN) 26365
650 ## - SUBJECT ADDED ENTRY--TOPICAL TERM
Topical term or geographic name entry element Visual communication
9 (RLIN) 26366
700 ## - ADDED ENTRY--PERSONAL NAME
Personal name Saarinen Esa
9 (RLIN) 26367
942 ## - ADDED ENTRY ELEMENTS (KOHA)
Source of classification or shelving scheme Library of Congress Classification
Koha item type Long Loan Books
Suppress in OPAC No
Holdings
Withdrawn status Lost status Source of classification or shelving scheme Damaged status Not for loan Home library Current library Date acquired Total Checkouts Full call number Barcode Date last seen Price effective from Koha item type
    Library of Congress Classification     Main Campus Library Main Campus Library 21/05/2026   P 94.6 .T39 1994 31962/2026 21/05/2026 21/05/2026 Long Loan Books

Powered by Koha